000 00264nam a22001097a 4500
082 _a425
_bGUP/E
100 _aP.S.GUPTA
245 _aCP DIGEST ENGLISH (CORE)
_bCLASS XII
260 _aDELHI
_bCONVENT PUBLICATIONS
650 _aENGLISH FOR CLASS XII
_zINDIA
942 _cBK
999 _c590
_d590